000 00678nam a22001577a 4500
003 OSt
005 20151002172110.0
008 151002b xxu||||| |||| 00| 0 eng d
040 _cRUA
082 _aAVM KEN 1995 B068 Or.1
100 _91819
_aKEN, CHANSOCHEAT.
245 _aThe family pig raising systems of farmers in sangke district battambang province,​ប្រព័ន្ធចិញ្ចឹមសត្វជ្រូកជាលក្ខណៈគ្រួសាររបស់កសិករក្នុង ស្រុកសង្កែ ខេត្តបាត់ដំបង
260 _aPhnom Penh
_bRUA
_c1995
300 _a84p.
_bill.
_c29cm.
942 _2ddc
_cAVM
999 _c1718
_d1718